| 000 | 00596nam a22002057a 4500 | ||
|---|---|---|---|
| 999 |
_c20964 _d20964 |
||
| 003 | OSt | ||
| 005 | 20210401153047.0 | ||
| 008 | 170121b xxu||||| |||| 00| 0 eng d | ||
| 020 | _a0130882623 | ||
| 040 |
_aMMU _beng _cMMU _dMMU |
||
| 050 | _aHD30.37 .P36 2001 | ||
| 100 | _aPanko R. Raymond | ||
| 245 |
_aBusiness data communication and networking / _cRaymond R.Panko |
||
| 250 | _a3th ed. | ||
| 260 |
_aToronto: _bPrentice Hall, _c2001. |
||
| 300 | _axxv, 437 p. : | ||
| 500 | _aIncludes bibliography and index | ||
| 650 | _aCommunication and networking | ||
| 942 |
_2lcc _cLOAN LOAN _e3th ed. |
||